Drapeaux des Pays, États non-reconnus et Territoires du Monde (2025) - Statistiques

Statistiques générales
  • Ce quiz a été pris 181 fois
    57 depuis la dernière actualisation
  • Le résultat moyen est 163 sur 251
Statistiques - réponses
Par images Réponse % Correct
Bosnie-Herzégovine
83%
Saint-Marin
83%
Serbie
78%
Slovénie
78%
Île Maurice
72%
Kenya
72%
Lesotho
72%
Maldives
72%
Russie
72%
Afghanistan
67%
Afrique du Sud
67%
Albanie
67%
Algérie
67%
Allemagne
67%
Andorre
67%
Angola
67%
Antigua-et-Barbuda
67%
Arabie Saoudite
67%
Argentine
67%
Arménie
67%
Australie
67%
Autriche
67%
Azerbaïdjan
67%
Bahamas
67%
Bahreïn
67%
Bangladesh
67%
Barbade
67%
Belgique
67%
Belize
67%
Bénin
67%
Bhoutan
67%
Biélorussie
67%
Birmanie
67%
Botswana
67%
Brésil
67%
Brunei
67%
Bulgarie
67%
Burkina Faso
67%
Burundi
67%
Cambodge
67%
Cameroun
67%
Canada
67%
Cap-Vert
67%
Chili
67%
Chine
67%
Chypre
67%
Colombie
67%
Comores
67%
Corée du Nord
67%
Corée du Sud
67%
Costa Rica
67%
Côte d'Ivoire
67%
Croatie
67%
Cuba
67%
Danemark
67%
Djibouti
67%
Dominique
67%
Égypte
67%
Équateur
67%
Érythrée
67%
Espagne
67%
Estonie
67%
Eswatini
67%
États-Unis
67%
Éthiopie
67%
Fidji
67%
Finlande
67%
France
67%
Gabon
67%
Gambie
67%
Géorgie
67%
Ghana
67%
Gibraltar
67%
Grèce
67%
Grenade
67%
Groenland
67%
Guam
67%
Guatemala
67%
Guinée
67%
Guinée-Bissau
67%
Guinée équatoriale
67%
Guyana
67%
Haïti
67%
Honduras
67%
Hong Kong
67%
Hongrie
67%
Îles Cook
67%
Îles Marshall
67%
Îles Salomon
67%
Inde
67%
Indonésie
67%
Irak
67%
Iran
67%
Irlande
67%
Islande
67%
Israël
67%
Italie
67%
Jamaïque
67%
Japon
67%
Jordanie
67%
Kazakhstan
67%
Kirghizistan
67%
Kiribati
67%
Kosovo
67%
Koweït
67%
Laos
67%
Lettonie
67%
Liban
67%
Libéria
67%
Libye
67%
Liechtenstein
67%
Lituanie
67%
Luxembourg
67%
Macao
67%
Macédoine du Nord
67%
Madagascar
67%
Malaisie
67%
Malawi
67%
Mali
67%
Malte
67%
Maroc
67%
Mauritanie
67%
Mexique
67%
Micronésie
67%
Moldavie
67%
Monaco
67%
Mongolie
67%
Monténégro
67%
Mozambique
67%
Namibie
67%
Nauru
67%
Népal
67%
Nicaragua
67%
Niger
67%
Nigeria
67%
Niue
67%
Norvège
67%
Nouvelle-Zélande
67%
Oman
67%
Ouganda
67%
Ouzbékistan
67%
Pakistan
67%
Palaos
67%
Palestine
67%
Panama
67%
Papouasie-Nouvelle-Guinée
67%
Paraguay
67%
Pays-Bas
67%
Pérou
67%
Philippines
67%
Pologne
67%
Porto Rico
67%
Portugal
67%
Qatar
67%
République centrafricaine
67%
République démocratique du Congo
67%
République dominicaine
67%
République du Congo
67%
Réunion
67%
Roumanie
67%
Royaume-Uni
67%
Rwanda
67%
Saint-Christophe-et-Niévès
67%
Sainte-Lucie
67%
Saint-Vincent-et-les-Grenadines
67%
Salvador
67%
Samoa
67%
Samoa américaines
67%
Sao Tomé-et-Principe
67%
Sénégal
67%
Seychelles
67%
Sierra Leone
67%
Singapour
67%
Slovaquie
67%
Somalie
67%
Soudan
67%
Sri Lanka
67%
Suède
67%
Suisse
67%
Suriname
67%
Syrie
67%
Tadjikistan
67%
Taïwan
67%
Tanzanie
67%
Tchad
67%
Tchéquie
67%
Thailande
67%
Timor oriental
67%
Togo
67%
Tonga
67%
Trinité-et-Tobago
67%
Tunisie
67%
Turkménistan
67%
Turquie
67%
Tuvalu
67%
Ukraine
67%
Uruguay
67%
Vanuatu
67%
Vatican
67%
Venezuela
67%
Viêt Nam
67%
Yémen
67%
Zambie
67%
Zimbabwe
67%
Abkhazie
61%
Anguilla
61%
Aruba
61%
Bermudes
61%
Bolivie
61%
Chypre du Nord
61%
Curaçao
61%
Guadeloupe
61%
Guernesey
61%
Guyane
61%
Île Christmas
61%
Île de Man
61%
Île Norfolk
61%
Îles Vierges Britanniques
61%
Îles Vierges des États-Unis
61%
Jersey
61%
Martinique
61%
Nouvelle-Calédonie
61%
Polynésie française
61%
Soudan du Sud
61%
Tokelau
61%
Åland
56%
Bonaire
56%
Émirats arabe unis
56%
Îles Caïmans
56%
Îles Cocos (Keeling)
56%
Îles Féroé
56%
Îles Malouines (Falkland)
56%
Îles Mariannes du Nord
56%
Montserrat
56%
Ossétie du Sud
56%
Sahara occidental
56%
Saint-Pierre-et-Miquelon
56%
Sint Maarten
56%
Transnistrie
56%
Île de l'Ascension
50%
Îles Pitcairn
50%
Îles Turques et Caïques
50%
Mayotte
50%
Saba
50%
Saint-Barthélemy
50%
Sainte-Hélène
50%
Saint-Eustache
50%
Somaliland
50%
Tristan da Cunha
50%
Wallis-et-Futuna
50%
Terres australes et antarctiques françaises
44%
Aucun quiz correspondant
Distribution des résultats
% des personnes avec chaque résultat
Percentile par nombre de réponses
Votre historique - résultats
Vous n’avez pas pris ce quiz depuis la dernière actualisation